000 00454nam a2200181Ia 4500
001 15903
005 20260306170230.0
008 260306t2006||||xx |||||||||||||| ||und||
041 _aESP
082 _a620.11232
_bR75
100 _aRodríguez Avial Llardent, Mariano
_eAUT
245 0 _aElasticidad y resistencia de materiales
260 _c2006
300 _a725 páginas :
_cfigs.
650 _aGEN
654 _aCII
942 _cLIB
_dJUS
_fJUS
_2ddc
_n
999 _c15903
_d15903